000
00314nam a2200145Ia 4500
003
OSt
005
20240309121229.0
008
170524s9999 xx 000 0 und d
020
_a
NIL
040
_c
IIMTU MEERUT
100
_a
KAPOOR- J. K.
245
0
_a
THOS YANTRIKI
260
_b
BHARAT BHARTI
942
_2
ddc
_c
02
999
_c
7715
_d
7715